[Event "National Open"]
[Site "Las Vegas"]
[Date "2004.06.19"]
[Round "4"]
[White "Sevillano, Enrico"]
[Black "Shabalov, Alexander"]
[Result "0-1"]
[WhiteElo "2467"]
[BlackElo "2624"]
[PlyCount "86"]
[EventDate "2004.06.18"]
[Source "Roberto Alvarez"]
[SourceDate "2004.06.28"]

1. e4 e6 2. d4 d5 3. Nc3 Bb4 4. e5 Ne7 5. a3 Bxc3+ 6. bxc3 c5 7. a4 O-O 8. Nf3 b6 9. Bd3 h6 10. Be3 Qc7 11. O-O Ba6 12. Nh4 Bxd3 13. cxd3 Nd7 14. f4 f5 15. exf6 Rxf6 16. dxc5 bxc5 17. a5 Raf8 18. Qa4 e5 19. g3 exf4 20. Bxf4 Qc8 21. Rfe1 R8f7 22. Ng2 g5 23. Bd2 Nc6 24. d4 Nf8 25. Be3 Qf5 26. Qb5 c4 27. Kh1 Ng6 28. Bg1 Nge7 29. Qb2 Qf3 30. Re3 Qh5 31. Qe2 Qxe2 32. Rxe2 Rf1 33. Ne1 Rf8 34. Kg2 R1f6 35. Rb2 Re6 36. Bf2 Nf5 37. Kg1 Nd6 38. Ng2 Ne4 39. Be1 Rf3 40. Rb5 Ref6 41. h4 Rf1+ 42. Kh2 Nd2 43. hxg5 Nf3+ 0-1

[Event "YUG-chT"]
[Site "?"]
[Date "1996.??.??"]
[Round "?"]
[White "Tseshkovsky Vitaly"]
[Black "Komarov Dimitri"]
[Result "1/2-1/2"]
[WhiteElo "2495"]
[BlackElo "2595"]
[PlyCount "62"]
[EventDate "1996.??.??"]
[Source "www.chesslib.no"]
[SourceDate "2004.05.04"]

1. e4 e6 2. d4 d5 3. Nc3 Bb4 4. e5 c5 5. a3 Bxc3+ 6. bxc3 Qc7 7. Nf3 Ne7 8. a4 h6 9. h4 b6 10. Bb5+ Bd7 11. Bd3 Nbc6 12. O-O O-O 13. Bd2 f5 14. exf6 Rxf6 15. Re1 Raf8 16. Be3 Rxf3 17. gxf3 c4 18. Bf1 Nf5 19. f4 Nxh4 20. Qh5 Nf5 21. Bd2 Be8 22. Qh2 Rf6 23. Bh3 Bg6 24. Bg4 Qf7 25. f3 h5 26. Bh3 Bh7 27. Kh1 h4 28. Bg4 Rh6 29. Qh3 Ng3+ 30. Kh2 Bf5 31. Bxf5 Nxf5 1/2-1/2

[Event "Keres mem"]
[Site "Tallinn"]
[Date "1983.??.??"]
[Round "11"]
[White "Abramovic, Bosko"]
[Black "Petrosian, Tigran V"]
[Result "1/2-1/2"]
[WhiteElo "2475"]
[BlackElo "2605"]
[PlyCount "44"]
[EventDate "1983.02.??"]
[Source "ChessBase"]

1. e4 e6 2. d4 d5 3. Nc3 Bb4 4. e5 c5 5. a3 Bxc3+ 6. bxc3 Qc7 7. Nf3 Ne7 8. a4 b6 9. Bb5+ Bd7 10. Bd3 Nbc6 11. O-O h6 12. Ba3 Na5 13. Nd2 O-O 14. dxc5 bxc5 15. Nb3 Nxb3 16. cxb3 Rab8 17. Bc2 Rfc8 18. Re1 Nf5 19. Bc1 Qd8 20. Bf4 a5 21. Qf3 Rb6 22. Rad1 Qe7 1/2-1/2

[Event "Open de Corse"]
[Site "?"]
[Date "2000.11.02"]
[Round "2"]
[White "Iordachescu Viorel"]
[Black "Drasko Milan"]
[Result "1/2-1/2"]
[WhiteElo "2594"]
[BlackElo "2485"]
[PlyCount "97"]
[EventDate "2000.??.??"]
[Source "www.chesslib.no"]
[SourceDate "2004.05.04"]

1. e4 e6 2. d4 d5 3. Nc3 Bb4 4. e5 Ne7 5. a3 Bxc3+ 6. bxc3 c5 7. Nf3 Qc7 8. h4 b6 9. Bb5+ Bd7 10. Bd3 Nbc6 11. Kf1 cxd4 12. cxd4 Nf5 13. c3 Na5 14. Bd2 a6 15. g4 Ne7 16. a4 b5 17. axb5 Bxb5 18. Bxb5+ axb5 19. h5 h6 20. Kg2 Rb8 21. Bc1 Nc4 22. Ba3 Nxa3 23. Rxa3 O-O 24. Qa1 Nc6 25. Ra6 f6 26. Qe1 Qb7 27. Ra2 b4 28. cxb4 fxe5 29. Nxe5 Nxd4 30. Qc3 Qxb4 31. Qxb4 Rxb4 32. Rc1 Nb5 33. f3 d4 34. Rc6 Nc3 35. Rd2 Nd5 36. Kg3 Nf4 37. Rd6 Ra4 38. Nd7 Rf7 39. Nc5 Ra3 40. R6xd4 e5 41. Rd8+ Kh7 42. Rc8 Rc3 43. Rdd8 Nxh5+ 44. gxh5 Rcxf3+ 45. Kg2 Rf2+ 46. Kg1 Rf1+ 47. Kg2 R1f2+ 48. Kg1 Rf1+ 49. Kg2 1/2-1/2

[Event "SUI-ch"]
[Site "Leukerbad"]
[Date "2002.07.12"]
[Round "2"]
[White "Jenni, Florian"]
[Black "Pelletier, Yannick"]
[Result "0-1"]
[WhiteElo "2505"]
[BlackElo "2571"]
[PlyCount "92"]
[EventDate "2002.07.11"]
[Source "ChessBase"]
[SourceDate "2002.11.12"]

1. e4 e6 2. d4 d5 3. Nc3 Bb4 4. e5 Ne7 5. a3 Bxc3+ 6. bxc3 c5 7. Nf3 Bd7 8. h4 Qa5 9. Bd2 Nbc6 10. h5 h6 11. Bd3 c4 12. Bf1 f6 13. Qe2 O-O-O 14. g3 Rdf8 15. Bh3 Nd8 16. O-O f5 17. Nh4 Be8 18. Kh2 g5 19. hxg6 Nxg6 20. Ng2 Nf7 21. Nf4 Nxf4 22. gxf4 Rfg8 23. Rg1 Rxg1 24. Rxg1 Qxa3 25. Qd1 Nd8 26. Qb1 Qe7 27. Qa1 Nc6 28. Rg3 Bf7 29. Bc1 Rg8 30. Ba3 Qh4 31. Qc1 Qd8 32. Bd6 Rxg3 33. fxg3 Bh5 34. Kg2 Qg8 35. Kf2 Qg6 36. Qh1 Bg4 37. Bg2 Qh5 38. Qxh5 Bxh5 39. Ke1 Bg4 40. Bf8 h5 41. Kd2 Kd7 42. Kc1 Ke8 43. Bg7 b5 44. Bf6 a5 45. Kb2 Na7 46. Bh4 b4 0-1

[Event "GMA Open"]
[Site "Moscow RUS"]
[Date "1989.??.??"]
[Round "4"]
[White "De Firmian, Nick E"]
[Black "Rogers, Ian"]
[Result "1-0"]
[WhiteElo "2570"]
[BlackElo "2505"]
[PlyCount "149"]
[EventDate "1989.05.??"]
[Source "www.chesslib.no"]
[SourceDate "2004.05.04"]

1. e4 e6 2. d4 d5 3. Nc3 Bb4 4. e5 Ne7 5. a3 Bxc3+ 6. bxc3 c5 7. Nf3 Qa5 8. Bd2 Nbc6 9. Be2 cxd4 10. cxd4 Qa4 11. Rb1 Nxd4 12. Bd3 Ndc6 13. Qc1 Qg4 14. O-O f5 15. Bb4 Ng6 16. h3 Qh5 17. c4 d4 18. Bd6 Qh6 19. Qxh6 gxh6 20. Rfd1 Rg8 21. Bf1 b6 22. Nxd4 Nxd4 23. Rxd4 Bd7 24. c5 bxc5 25. Rc4 Rc8 26. Rxc5 Rxc5 27. Bxc5 Nxe5 28. Bxa7 Bc6 29. Be3 Kf7 30. Rc1 Bd5 31. Rc7+ Kg6 32. f4 Nf7 33. a4 Ra8 34. Bb5 Nd6 35. Bd4 Nxb5 36. Rg7+ Kh5 37. axb5 Ra4 38. Be3 e5 39. fxe5 f4 40. Bd2 Rd4 41. Ba5 Rd1+ 42. Kh2 Rb1 43. Bd2 Rxb5 44. Bxf4 Rb2 45. Kg1 Rb1+ 46. Kh2 Rb2 47. e6 Bxe6 48. Rxh7 Kg6 49. Rxh6+ Kf5 50. Bg3 Rd2 51. Rh8 Kf6 52. Be1 Re2 53. Bc3+ Kg6 54. Rd8 Kf7 55. Rd4 Kg6 56. Bb4 Kf5 57. Bd6 Kg6 58. Bg3 Bf5 59. Kg1 Be4 60. Bf2 Bb7 61. Rd7 Rb2 62. Rd6+ Kf7 63. g4 Ba8 64. Rd4 Kg6 65. h4 Rb1+ 66. Kh2 Rb2 67. Rf4 Rb3 68. Ra4 Bf3 69. Ra6+ Kf7 70. g5 Bb7 71. g6+ Kg8 72. Rd6 Rb5 73. Bd4 Rd5 74. Rxd5 Bxd5 75. Kg3 1-0

[Event "IBM"]
[Site "Amsterdam"]
[Date "1973.??.??"]
[Round "13"]
[White "Smejkal, Jan"]
[Black "Marovic, Drazen"]
[Result "1/2-1/2"]
[WhiteElo "2595"]
[BlackElo "2480"]
[PlyCount "149"]
[EventDate "1973.??.??"]
[Source "ChessBase"]

1. e4 e6 2. d4 d5 3. Nc3 Bb4 4. e5 c5 5. a3 Bxc3+ 6. bxc3 Qc7 7. Nf3 Ne7 8. Bd3 b6 9. a4 Ba6 10. dxc5 bxc5 11. Bxa6 Nxa6 12. Qe2 Nb8 13. c4 d4 14. O-O Nd7 15. Re1 h6 16. h4 Rb8 17. h5 Nc6 18. Ra3 Rb4 19. Bd2 Rb2 20. Bc1 Rb4 21. Bd2 Rb2 22. Qe4 Nb6 23. Bc1 Rb4 24. Qg4 Kf8 25. Nh4 Rg8 26. Rf3 Ke8 27. Qe4 Nxc4 28. Qh7 Ne7 29. Rg3 d3 30. cxd3 Nxe5 31. Rxg7 Rxg7 32. Qxg7 Nxd3 33. Qh8+ Kd7 34. Rd1 Rxh4 35. Rxd3+ Nd5 36. Qf6 Qh2+ 37. Kf1 Qh1+ 38. Ke2 Re4+ 39. Kf3 Qxh5+ 40. Kxe4 Qe2+ 41. Be3 Qxd3+ 42. Kxd3 Nxf6 43. Bxc5 a6 44. Kc4 Kc6 45. Be3 h5 46. Bd4 Nd5 47. g3 f5 48. f4 Ne7 49. Bf6 Nc8 50. Kb4 Nd6 51. Ka5 Ne4 52. Bh4 Kb7 53. Kb4 Kb6 54. Bd8+ Kc6 55. Bh4 Nc5 56. Ka5 Kb7 57. Be7 Nd7 58. Bd6 Nb6 59. Be7 Nc8 60. Bf6 Nb6 61. Be7 Nd7 62. Bd6 Kc6 63. Be7 Nc5 64. Bh4 Kd5 65. Bf6 Kc4 66. Be7 Kd4 67. Bh4 Kc3 68. Be7 Kc4 69. Bf8 e5 70. fxe5 f4 71. gxf4 h4 72. e6 Nxe6 73. Bd6 Kd5 74. Bb8 Nd4 75. Kxa6 1/2-1/2

[Event "Vina del Mar"]
[Site "?"]
[Date "1988.??.??"]
[Round "?"]
[White "Gulko, B."]
[Black "Panno, O."]
[Result "1-0"]
[WhiteElo "2590"]
[BlackElo "2485"]
[PlyCount "113"]
[EventDate "1988.??.??"]
[Source "ChessBase"]
[SourceDate "1988.07.01"]

1. d4 e6 2. e4 d5 3. Nc3 Bb4 4. e5 c5 5. a3 Bxc3+ 6. bxc3 Ne7 7. Nf3 b6 8. Ng5 h6 9. Qh5 g6 10. Qh3 Kf8 11. Bd3 Kg7 12. Nf3 Ba6 13. dxc5 Qc7 14. O-O Qxc5 15. Bd2 Nec6 16. Qh4 Qe7 17. Qf4 Na5 18. Be3 Nc4 19. Bc1 Nd7 20. Re1 Rac8 21. a4 Qd8 22. Nd4 Nc5 23. Qg3 Nxd3 24. cxd3 Na5 25. Bd2 Nc6 26. Nb5 Bxb5 27. axb5 Na5 28. Reb1 Rc5 29. Rb4 Qc7 30. Qf4 Qe7 31. h4 Rc7 32. Qg3 Kh7 33. Qf3 Kg7 34. Qf4 Qd8 35. Qg4 Kh7 36. h5 Rg8 37. hxg6+ Rxg6 38. Qh3 Qf8 39. Raa4 Qg7 40. Rh4 Nb3 41. Bxh6 Rxh6 42. Rxh6+ Qxh6 43. Rh4 Qxh4 44. Qxh4+ Kg7 45. Qf6+ Kh7 46. g4 Nc5 47. Qd8 Rd7 48. Qe8 Rc7 49. d4 Ne4 50. Qc6 Re7 51. c4 Nc3 52. Qd6 Rb7 53. Qa3 Ne4 54. f3 Ng5 55. c5 bxc5 56. dxc5 Kg7 57. c6 1-0

[Event "6. EICC"]
[Site "?"]
[Date "2005.06.18"]
[Round "1"]
[White "Inarkiev Ernesto"]
[Black "Kristjansson Stefan"]
[Result "1-0"]
[WhiteElo "2612"]
[BlackElo "2461"]
[PlyCount "65"]
[EventDate "2005.??.??"]
[Source "www.chesslib.no"]
[SourceDate "2004.05.04"]

1. e4 e6 2. d4 d5 3. Nc3 Bb4 4. e5 Ne7 5. a3 Bxc3+ 6. bxc3 c5 7. Nf3 Qc7 8. Bf4 h6 9. h4 b6 10. Bb5+ Bd7 11. Bd3 Nbc6 12. Qd2 Ng6 13. Bg3 c4 14. Be2 h5 15. Ng5 Nce7 16. Qd1 b5 17. Bxh5 Qa5 18. Kd2 f6 19. Bxg6+ Nxg6 20. Nf3 O-O-O 21. exf6 gxf6 22. Qb1 Rh5 23. a4 Qb6 24. axb5 Bxb5 25. Rxa7 Qxa7 26. Qxb5 Ne7 27. Re1 e5 28. dxe5 fxe5 29. Nxe5 d4 30. Qxc4+ Kb7 31. Nd3 dxc3+ 32. Qxc3 Rd7 33. Rb1+ 1-0

[Event "Las Vegas USA"]
[Site "?"]
[Date "2006.06.18"]
[Round "6"]
[White "Browne Walter S"]
[Black "Ibragimov Ildar"]
[Result "1-0"]
[WhiteElo "2434"]
[BlackElo "2637"]
[PlyCount "27"]
[EventDate "2006.??.??"]
[Source "www.chesslib.no"]
[SourceDate "2004.05.04"]

1. e4 e6 2. d4 d5 3. Nc3 Bb4 4. e5 c5 5. a3 Bxc3+ 6. bxc3 Qc7 7. Nf3 Ne7 8. Bd3 h6 9. O-O b6 10. dxc5 Qxc5 11. a4 Qxc3 12. Ba3 Ba6 13. Qb1 Qxa1 14. Qxa1 1-0

[Event "ESP-chT"]
[Site "Barcelona"]
[Date "2000.08.10"]
[Round "6"]
[White "Hernandez, Gilberto"]
[Black "Dimitrov, Vladimir"]
[Result "1-0"]
[WhiteElo "2572"]
[BlackElo "2499"]
[PlyCount "77"]
[EventDate "2000.08.05"]
[Source "ChessBase"]
[SourceDate "2000.09.14"]

1. e4 e6 2. d4 d5 3. Nc3 Bb4 4. e5 Ne7 5. a3 Bxc3+ 6. bxc3 c5 7. a4 Qc7 8. Nf3 h6 9. Bd3 b6 10. O-O Ba6 11. Bxa6 Nxa6 12. Qd3 Nb8 13. dxc5 bxc5 14. c4 O-O 15. cxd5 Nxd5 16. Qc4 Nd7 17. Re1 Ne7 18. Qg4 Nf5 19. c3 Rfd8 20. Qh3 Nf8 21. g4 Ne7 22. g5 hxg5 23. Nxg5 Rd5 24. Qf3 Nf5 25. c4 Rxe5 26. Rd1 Rd8 27. Bf4 Rxd1+ 28. Rxd1 Nd4 29. Qd3 Qe7 30. Bxe5 Qxg5+ 31. Bg3 f5 32. f4 Qg4 33. Kh1 Ng6 34. Rf1 Qh3 35. Qd1 Kf7 36. Rf2 Qh8 37. Rg2 Qa8 38. Qh5 Qe4 39. Bf2 1-0

[Event "Las Vegas USA"]
[Site "?"]
[Date "2006.06.18"]
[Round "6"]
[White "Browne Walter S"]
[Black "Ibragimov Ildar"]
[Result "1-0"]
[WhiteElo "2434"]
[BlackElo "2637"]
[PlyCount "105"]
[EventDate "2006.??.??"]
[Source "www.chesslib.no"]
[SourceDate "2004.05.04"]

1. e4 e6 2. d4 d5 3. Nc3 Bb4 4. e5 c5 5. a3 Bxc3+ 6. bxc3 Qc7 7. Nf3 Ne7 8. Bd3 h6 9. O-O b6 10. dxc5 Qxc5 11. a4 Qxc3 12. Ba3 Ba6 13. Qb1 Qc8 14. Nd4 Qd7 15. c4 Bxc4 16. Bxc4 dxc4 17. Rd1 Nd5 18. Nb5 Nc6 19. Qe4 Nce7 20. Nd6+ Kf8 21. Qf3 Ng6 22. Nxf7+ Kg8 23. Nxh8 Nxh8 24. Bd6 Qf7 25. Qg4 c3 26. Rac1 h5 27. Qc4 Ng6 28. Rxd5 exd5 29. Qxc3 Re8 30. g3 h4 31. Re1 Qe6 32. Qd3 Kh8 33. f4 hxg3 34. hxg3 Qg4 35. Kf2 Qh5 36. Qxd5 Rc8 37. Rh1 Rc2+ 38. Ke3 Rh2 39. Qa8+ Kh7 40. Rxh2 Qxh2 41. Qf3 Qc2 42. Qe4 Qc3+ 43. Kf2 Qd2+ 44. Kf3 Qh2 45. f5 Qh1+ 46. Ke3 Qe1+ 47. Kd4 Qd1+ 48. Kc3 Nh8 49. Ba3 Qa1+ 50. Bb2 Qg1 51. Qd3 Nf7 52. Kb3 Qc5 53. e6 1-0

[Event "Montpellier 73/336"]
[Site "?"]
[Date "1998.??.??"]
[Round "?"]
[White "Hamdouchi, Hichem"]
[Black "Kosten, Anthony C"]
[Result "1/2-1/2"]
[WhiteElo "2555"]
[BlackElo "2515"]
[PlyCount "71"]
[EventDate "1998.??.??"]
[Source "ChessBase"]
[SourceDate "1998.06.01"]

1. e4 e6 2. d4 d5 3. Nc3 Bb4 4. e5 Ne7 5. a3 Bxc3+ 6. bxc3 c5 7. Nf3 b6 8. Bb5+ Bd7 9. Bd3 c4 10. Be2 Ba4 11. O-O h6 12. g3 Kd7 13. Nh4 Qg8 14. f4 Qh7 15. f5 Na6 16. Bg4 Nc7 17. Rf2 g5 18. fxg6 fxg6 19. Qf1 Rag8 20. Ng2 Nf5 21. Bh3 Ke8 22. Qe2 Rf8 23. Bb2 Rf7 24. Raf1 Rhf8 25. Bc1 Nb5 26. Bb2 Nc7 27. Bg4 h5 28. Bh3 g5 29. g4 Nh6 30. Rxf7 Rxf7 31. Rxf7 Kxf7 32. Ne1 hxg4 33. Bxg4 Nxg4 34. Qxg4 Bxc2 35. Nf3 Qf5 36. Qxf5+ 1/2-1/2

[Event "Baden-Baden"]
[Site "Baden-Baden"]
[Date "1992.??.??"]
[Round "2"]
[White "Kindermann, Stefan"]
[Black "Hertneck, Gerald"]
[Result "1/2-1/2"]
[WhiteElo "2505"]
[BlackElo "2560"]
[PlyCount "77"]
[EventDate "1992.12.??"]
[Source "ChessBase"]

1. e4 e6 2. d4 d5 3. Nc3 Bb4 4. e5 Ne7 5. a3 Bxc3+ 6. bxc3 c5 7. Nf3 h6 8. a4 b6 9. Bb5+ Bd7 10. Bd3 Nbc6 11. Ba3 Rc8 12. O-O Na5 13. Nd2 O-O 14. dxc5 bxc5 15. Nb3 Nxb3 16. cxb3 f5 17. exf6 Rxf6 18. b4 c4 19. Bc2 Qc7 20. b5 Ng6 21. Bxg6 Rxg6 22. Qd4 Rf6 23. Rfe1 Be8 24. Bb4 Bg6 25. Re5 Bc2 26. f3 Qd7 27. a5 Rb8 28. Bc5 Qxb5 29. Bxa7 Ra8 30. Bb6 Bb1 31. Re1 Bd3 32. Qc5 Qxc5+ 33. Bxc5 Ra6 34. Re5 Kf7 35. Bb6 Ke7 36. Kf2 Kd6 37. Bd4 Rf7 38. Ree1 g6 39. h4 1/2-1/2

[Event "Villa Martelli"]
[Site "Villa Martelli"]
[Date "1997.06.05"]
[Round "5"]
[White "German, Gustavo"]
[Black "Rodriguez, Andres"]
[Result "1/2-1/2"]
[WhiteElo "2500"]
[BlackElo "2565"]
[PlyCount "61"]
[EventDate "1997.06.01"]
[Source "ChessBase"]
[SourceDate "1997.10.13"]

1. e4 e6 2. d4 d5 3. Nc3 Bb4 4. e5 Ne7 5. a3 Bxc3+ 6. bxc3 c5 7. a4 Nbc6 8. Nf3 Qa5 9. Bd2 Bd7 10. Bb5 c4 11. O-O O-O-O 12. Bc1 f6 13. Qe1 Rdf8 14. Ba3 Rf7 15. Bxc6 Nxc6 16. Bd6 h6 17. Qe3 f5 18. Rfb1 a6 19. Bc5 Qd8 20. Rb6 g5 21. Rab1 Na5 22. Qc1 g4 23. Ne1 f4 24. Bd6 f3 25. Qa3 fxg2 26. Nxg2 Qg5 27. Qc5+ Nc6 28. Rxc6+ Bxc6 29. Qxc6+ bxc6 30. Rb8+ Kd7 31. Rb7+ 1/2-1/2

[Event "La Habana"]
[Site "?"]
[Date "1986.??.??"]
[Round "?"]
[White "Rodriguez, Am"]
[Black "Eingorn, V."]
[Result "1/2-1/2"]
[WhiteElo "2505"]
[BlackElo "2560"]
[PlyCount "129"]
[EventDate "1986.??.??"]
[Source "ChessBase"]
[SourceDate "1986.07.01"]

1. e4 e6 2. d4 d5 3. Nc3 Bb4 4. e5 Ne7 5. a3 Bxc3+ 6. bxc3 c5 7. Nf3 Bd7 8. a4 Qa5 9. Qd2 Nbc6 10. Be2 Rc8 11. Ba3 cxd4 12. cxd4 Qxd2+ 13. Kxd2 Nf5 14. c3 Na5 15. Rhb1 h5 16. Bb4 Nc6 17. a5 Nxb4 18. Rxb4 Rc7 19. Rab1 Bc6 20. Ne1 Ne7 21. Nd3 Nc8 22. Nc5 b6 23. axb6 axb6 24. Na4 Bxa4 25. Rxa4 g6 26. Ra8 O-O 27. Ba6 Kg7 28. g3 Rc6 29. Bb5 Rc7 30. Ba6 Rc6 31. Kd3 Rc7 32. h3 Rc6 33. Bb5 Rc7 34. Ba6 Rc6 35. h4 Rc7 36. Rb2 Rc6 37. Bb5 Rc7 38. Ba6 Rc6 39. Rb3 Rc7 40. Rb4 Kg8 41. Rb8 Kg7 42. c4 dxc4+ 43. Rxc4 Rxc4 44. Bxc4 Ne7 45. Rb7 Nc6 46. Rxb6 Rc8 47. Ba6 Rc7 48. Rb7 Rxb7 49. Bxb7 Ne7 50. Kc4 Kf8 51. Kc5 Nf5 52. Bc8 Nh6 53. d5 exd5 54. Kxd5 Ke7 55. Bh3 Ng8 56. f3 f6 57. Be6 Nh6 58. g4 hxg4 59. fxg4 Nxg4 60. Bxg4 fxe5 61. Kxe5 Kf7 62. Kf4 Kf6 63. Bd1 Kf7 64. Kg5 Kg7 65. Bc2 1/2-1/2

[Event "Sochi"]
[Site "Sochi"]
[Date "1982.??.??"]
[Round "13"]
[White "Hazai, Laszlo"]
[Black "Psakhis, Lev"]
[Result "0-1"]
[WhiteElo "2450"]
[BlackElo "2615"]
[PlyCount "100"]
[EventDate "1982.12.??"]
[Source "ChessBase"]

1. e4 e6 2. d4 d5 3. Nc3 Bb4 4. e5 Ne7 5. a3 Bxc3+ 6. bxc3 c5 7. Nf3 Bd7 8. a4 Qa5 9. Qd2 Nbc6 10. Ba3 cxd4 11. cxd4 Qxd2+ 12. Kxd2 Nf5 13. Bb2 Na5 14. Bc3 Nc4+ 15. Bxc4 dxc4 16. Bb4 Bc6 17. Kc3 Bd5 18. Rhg1 h5 19. a5 Kd7 20. Ng5 f6 21. Nf7 Rh7 22. Nd6 Nxd6 23. Bxd6 g5 24. Bc5 f5 25. g3 h4 26. gxh4 g4 27. Raf1 Rxh4 28. Ba3 Rxh2 29. Bc1 Rh3+ 30. Rg3 f4 31. Bxf4 Rf8 32. Rxh3 gxh3 33. Bh2 Bg2 34. Re1 Rxf2 35. Bg1 Rf1 36. Rxf1 Bxf1 37. Kd2 Kc6 38. Ke1 Bg2 39. Kf2 Kd5 40. Ke3 Be4 41. c3 Bg2 42. Kf4 a6 43. Kg3 Kc6 44. d5+ Kxd5 45. Bd4 Kc6 46. Bb6 Kb5 47. Kh2 Ka4 48. Kg3 Kb3 49. Bd4 b5 50. axb6 a5 0-1

[Event "IV Campionato del Mediterraneo"]
[Site "Cannes FRA"]
[Date "2007.02.24"]
[Round "8"]
[White "Djukic, Ni"]
[Black "Apicella, M."]
[Result "0-1"]
[WhiteElo "2527"]
[BlackElo "2534"]
[PlyCount "120"]
[EventDate "2007.02.18"]
[Source "www.chesslib.no"]
[SourceDate "2004.05.04"]

1. e4 e6 2. d4 d5 3. Nc3 Bb4 4. e5 Ne7 5. a3 Bxc3+ 6. bxc3 c5 7. Nf3 Bd7 8. Rb1 Qc7 9. Bf4 c4 10. h4 Ba4 11. h5 h6 12. Be2 Nd7 13. Qd2 O-O-O 14. Nh4 Qa5 15. Rh3 Nb6 16. g4 Rdf8 17. Rg3 Be8 18. g5 hxg5 19. Bxg5 Ng8 20. Qf4 Nd7 21. Qg4 Qxa3 22. Qh3 Qa2 23. Rc1 Qb2 24. Kd2 f6 25. Be3 f5 26. Bf4 Rh7 27. Rcg1 Rf7 28. Ng6 Nb6 29. Qh1 Ba4 30. Rc1 Ne7 31. Qd1 Nc6 32. Rb1 Qa3 33. Be3 Na5 34. Nf4 Re7 35. Rg6 Kd7 36. Qc1 Qxc1+ 37. Rxc1 Nc6 38. f3 Na8 39. Rh1 Nc7 40. h6 Rxh6 41. Rhxh6 gxh6 42. Nh5 Ne8 43. Bxh6 Rf7 44. Nf6+ Nxf6 45. exf6 e5 46. f4 exd4 47. cxd4 Ke6 48. Bg7 Nxd4 49. Bh5 Nxc2 50. Rg2 d4 51. Bxf7+ Kxf7 52. Kc1 Ne3 53. Ra2 b5 54. Bh8 c3 55. Rh2 d3 56. Rh7+ Kg6 57. Rg7+ Kh6 58. Rd7 d2+ 59. Rxd2 cxd2+ 60. Kxd2 Nc4+ 0-1

[Event "Riga"]
[Site "Riga"]
[Date "1981.??.??"]
[Round "7"]
[White "Tseshkovsky, Vitaly"]
[Black "Ambroz, Jan"]
[Result "1-0"]
[WhiteElo "2575"]
[BlackElo "2485"]
[PlyCount "105"]
[EventDate "1981.08.??"]
[Source "ChessBase"]

1. e4 e6 2. d4 d5 3. Nc3 Bb4 4. e5 c5 5. a3 Bxc3+ 6. bxc3 Qc7 7. Nf3 Ne7 8. h4 b6 9. h5 h6 10. Rb1 Bd7 11. Bd3 Nbc6 12. Kf1 c4 13. Be2 O-O-O 14. Bf4 f5 15. exf6 Qxf4 16. fxe7 Rde8 17. g3 Qd6 18. a4 Rxe7 19. Kg2 Rf8 20. Nh4 Ref7 21. f4 Ne7 22. Bg4 Rf6 23. Nf3 g6 24. Qe2 gxh5 25. Rxh5 Rg8 26. Ne5 Be8 27. Rh3 Ng6 28. Kh2 Qe7 29. Bf3 Rg7 30. a5 b5 31. Ng4 Rf8 32. Rxh6 Rh7 33. Rxh7 Qxh7+ 34. Kg2 Bd7 35. Rh1 Qg7 36. Kf2 Rg8 37. Rh5 Ne7 38. Rg5 Qh7 39. Nf6 Qh2+ 40. Kf1 Qxe2+ 41. Kxe2 Rf8 42. Rg7 Kd8 43. Nh7 Rh8 44. g4 Nc6 45. Kd2 a6 46. g5 Nxa5 47. g6 Nc6 48. Rxd7+ Kxd7 49. g7 Rd8 50. Nf8+ Ke7 51. g8=Q Rxf8 52. Qg5+ Kd6 53. Bxd5 1-0

[Event "Bundesliga 8889"]
[Site "Germany"]
[Date "1989.??.??"]
[Round "?"]
[White "Chandler, Murray G"]
[Black "Garcia Palermo, Carlos"]
[Result "1/2-1/2"]
[WhiteElo "2605"]
[BlackElo "2455"]
[PlyCount "110"]
[EventDate "1988.10.??"]
[Source "ChessBase"]
[SourceDate "1999.07.01"]

1. e4 e6 2. d4 d5 3. Nc3 Bb4 4. e5 Ne7 5. a3 Bxc3+ 6. bxc3 c5 7. Nf3 Qc7 8. a4 b6 9. Bb5+ Bd7 10. O-O Bxb5 11. axb5 a5 12. Ba3 Nd7 13. Ng5 h6 14. Qh5 g6 15. Qh3 Nxe5 16. Rfe1 Nc4 17. Nxf7 Kxf7 18. Qxe6+ Kg7 19. Qxe7+ Qxe7 20. Rxe7+ Kf6 21. Rd7 Ke6 22. Rg7 Kf6 23. Rd7 Ke6 24. Rb7 Rab8 25. Ra7 Nxa3 26. Rxa3 Rhc8 27. g4 Kd6 28. Kg2 Ra8 29. Rh7 Rh8 30. dxc5+ Kxc5 31. Rc7+ Kxb5 32. Rb3+ Ka6 33. Rc6 Rab8 34. Rxg6 Rhg8 35. Rxg8 Rxg8 36. Kg3 a4 37. Ra3 b5 38. f4 Kb6 39. Kh4 Re8 40. Kh5 Re2 41. h4 Rxc2 42. f5 d4 43. cxd4 Ka5 44. Re3 Rf2 45. Kg6 b4 46. Re5+ Kb6 47. f6 Rxf6+ 48. Kxf6 a3 49. Re1 a2 50. g5 hxg5 51. hxg5 b3 52. g6 b2 53. g7 a1=Q 54. Rxa1 bxa1=Q 55. g8=Q Qxd4+ 1/2-1/2

[Event "YUG-ch52"]
[Site "?"]
[Date "1997.??.??"]
[Round "6"]
[White "Markovic Miroslav"]
[Black "Damljanovic Branko"]
[Result "0-1"]
[WhiteElo "2520"]
[BlackElo "2540"]
[PlyCount "74"]
[EventDate "1997.??.??"]
[Source "www.chesslib.no"]
[SourceDate "2004.05.04"]

1. e4 e6 2. d4 d5 3. Nc3 Bb4 4. e5 Ne7 5. a3 Bxc3+ 6. bxc3 c5 7. h4 Qc7 8. Nf3 Nbc6 9. h5 h6 10. Rh4 Bd7 11. Rg4 Nf5 12. Bd3 Nce7 13. a4 g6 14. hxg6 Nxg6 15. Ba3 c4 16. Be2 O-O-O 17. a5 Rdg8 18. Qb1 Bc6 19. Bc5 a6 20. Qb4 Bb5 21. Kd2 h5 22. Rg5 Nf4 23. Bd6 Nxd6 24. Rxg8+ Rxg8 25. exd6 Qd8 26. Ne5 f6 27. d7+ Bxd7 28. Nf7 Qc7 29. Rh1 Bc6 30. Bf3 Qxf7 31. g3 Ng6 32. Bxh5 Qe7 33. Qb6 Nf8 34. Qa7 Qg7 35. Bf3 Nd7 36. Ke2 Kc7 37. Rb1 Qh8 0-1

[Event "New York op"]
[Site "New York"]
[Date "1989.??.??"]
[Round "3"]
[White "Stefansson, Hannes"]
[Black "Dolmatov, Sergey"]
[Result "1/2-1/2"]
[WhiteElo "2480"]
[BlackElo "2580"]
[PlyCount "83"]
[EventDate "1989.03.??"]
[Source "ChessBase"]

1. e4 e6 2. d4 d5 3. Nc3 Bb4 4. e5 Ne7 5. a3 Bxc3+ 6. bxc3 c5 7. a4 Qa5 8. Bd2 Nbc6 9. Nf3 Bd7 10. Bb5 c4 11. O-O f6 12. Re1 O-O-O 13. Bc1 fxe5 14. dxe5 h6 15. Ba3 Rhe8 16. Qd2 Kb8 17. Nd4 Nxd4 18. Bb4 Nf3+ 19. gxf3 Qb6 20. Bd6+ Ka8 21. Qe3 Qxe3 22. fxe3 Bc6 23. Bxc6 Nxc6 24. Kf2 Ne7 25. e4 dxe4 26. fxe4 Rd7 27. Ke3 Nc6 28. Rg1 g5 29. Raf1 Nd8 30. Rf6 Nf7 31. Rgf1 Nxd6 32. exd6 Rxd6 33. Rf8 Rb8 34. R1f6 Ra6 35. Kd4 g4 36. e5 h5 37. Rxb8+ Kxb8 38. Rh6 Kc7 39. Rxh5 Rxa4 40. Rh7+ Kc6 41. Re7 Ra2 42. Kxc4 1/2-1/2

[Event "Valle d'Aosta op 10th"]
[Site "Valle d'Aosta"]
[Date "2002.02.15"]
[Round "7"]
[White "Rogers, Ian"]
[Black "Drasko, Milan"]
[Result "1-0"]
[WhiteElo "2555"]
[BlackElo "2504"]
[PlyCount "119"]
[EventDate "2002.02.09"]
[Source "ChessBase"]
[SourceDate "2002.03.14"]

1. e4 e6 2. d4 d5 3. Nc3 Bb4 4. e5 Ne7 5. a3 Bxc3+ 6. bxc3 c5 7. Nf3 Qc7 8. a4 b6 9. Bb5+ Bd7 10. Bd3 Nbc6 11. O-O h6 12. Re1 O-O 13. g4 cxd4 14. cxd4 Nb4 15. Ba3 Nxd3 16. Qxd3 Rfe8 17. Bd6 Qc6 18. a5 Ng6 19. h4 Qc4 20. Qd2 Ba4 21. h5 Nf8 22. c3 Bb5 23. Rab1 Qd3 24. Qf4 Rac8 25. axb6 axb6 26. Red1 Qe4 27. Qxe4 dxe4 28. Rxb5 exf3 29. Rd3 Nd7 30. Rxf3 Rc4 31. Kg2 f6 32. Kh3 Rec8 33. Rb3 fxe5 34. dxe5 Re4 35. Rd3 Nxe5 36. Bxe5 Rxe5 37. Rxb6 Rec5 38. Rb3 e5 39. f3 R8c7 40. Kg3 Rc4 41. Re3 Kf7 42. Kf2 g6 43. hxg6+ Kxg6 44. Rb6+ R7c6 45. Rxc6+ Rxc6 46. Ke2 h5 47. gxh5+ Kf5 48. Kd3 Rh6 49. Kc4 Rxh5 50. Kd5 Kf6 51. c4 Rh1 52. c5 Rd1+ 53. Kc6 Rd4 54. Kc7 Ke6 55. c6 Rh4 56. Rd3 Rb4 57. Kc8 Ke7 58. c7 Rb5 59. Re3 Kf6 60. Kd7 1-0

[Event "Dresden"]
[Site "?"]
[Date "1997.??.??"]
[Round "25"]
[White "Bologan Viktor"]
[Black "Uhlmann Wolfgang"]
[Result "1-0"]
[WhiteElo "2575"]
[BlackElo "2480"]
[PlyCount "89"]
[EventDate "1997.??.??"]
[Source "www.chesslib.no"]
[SourceDate "2004.05.04"]

1. e4 e6 2. d4 d5 3. Nc3 Bb4 4. e5 Ne7 5. a3 Bxc3+ 6. bxc3 c5 7. Nf3 Bd7 8. h4 Nbc6 9. h5 Qa5 10. Bd2 O-O-O 11. h6 gxh6 12. a4 Rdg8 13. Rxh6 Nf5 14. Rf6 Qd8 15. Be3 Rg6 16. Rxf7 Be8 17. Rxf5 exf5 18. g3 Bd7 19. Qd2 Rhg8 20. Nh4 R6g7 21. Ng2 Ne7 22. Nf4 Qb6 23. Qc1 Qa5 24. Bd2 c4 25. Bg2 Rg4 26. Qa3 Ng6 27. Nxd5 Bc6 28. Ne3 Bxg2 29. Nxg2 f4 30. Qd6 Re8 31. Kf1 fxg3 32. f3 Rh4 33. Nxh4 Nxh4 34. Ke2 Qc7 35. Qxc7+ Kxc7 36. Be3 Nf5 37. Rh1 Re7 38. Bg1 Rg7 39. Rh5 Ne7 40. f4 Rf7 41. Kf3 Kd7 42. Ke4 a5 43. d5 Rg7 44. d6 Nc8 45. Kd5 1-0